[Event "Astana Open-A 2019"]
[Site "Nur-Sultan"]
[Date "2019.07.13"]
[Round "5.5"]
[White "Vakhidov, Jakhongir"]
[Black "Agmanov, Zhandos"]
[Result "1/2-1/2"]
[WhiteElo "2541"]
[BlackElo "2402"]
[Annotator "TA"]
[PlyCount "83"]
[EventDate "2019.07.11"]
[EventCountry "KAZ"]
[SourceTitle "playchess.com"]
[Source "ChessBase"]
[SourceQuality "1"]

{[%evp 13,83,0,0,0,23,8,44,39,36,41,45,41,49,36,37,41,41,32,33,29,34,31,33,31,42,35,39,41,40,33,40,40,41,40,94,83,83,85,91,85,231,77,92,63,112,87,107,63,99,68,68,63,94,83,85,63,88,68,72,63,77,77,85,22,25,0,0,0,24,0,0,0]} 1. c4 e5 2. Nc3 Nf6 3. Nf3 Nc6 4. e4 Bc5 5. Nxe5 Nxe5 6. d4 Bb4 7. dxe5 Nxe4 $1 8. Qf3 {A28: English Opening: Four Knights Variation} d5 (8... Nxc3 9. bxc3 Be7 10. Qg3 g6 11. Bh6 d6 12. Be2 Be6 13. Rd1 Qd7 14. exd6 cxd6 15. O-O O-O-O {1-0 (24) Carlsen,M (2835)-Giri,A (2783) St Petersburg 2018}) 9. Be2 Qe7 $146 (9... d4 {with more complications.} 10. Qxe4 dxc3 11. O-O O-O 12. bxc3 Bxc3 13. Rb1 Qd4) ({Predecessor:} 9... O-O 10. O-O Bxc3 11. bxc3 {1-0 (26) Grachev,B (2682)-Lalic,B (2456) Sibenik 2011}) 10. O-O {White is slightly better.} Bxc3 $1 11. bxc3 O-O 12. Bf4 f6 13. cxd5 fxe5 14. Qxe4 Rxf4 15. Qe3 Qd6 16. Rfe1 Bd7 17. Bf3 Re8 18. g3 ({Much worse is} 18. Qxa7 e4 $17) 18... Rf6 {White should prevent ...Ref8.} 19. Bg2 b6 20. Rac1 Qa3 21. c4 $36 {[%mdl 2048] White is more active.} Qxa2 22. c5 bxc5 23. Rxc5 e4 ({Black should try} 23... Ref8 $14 24. Re2 Qb1+ 25. Rc1 Qb6) 24. Rxc7 {[%mdl 64] [#] Double Attack, Discovered Attack} Qxd5 25. Bxe4 Qd6 26. Rxa7 Rfe6 (26... Kh8 $16 {is a better defense.}) 27. f3 $2 (27. Qb3 $18 Kh8 28. Rd1) 27... Kh8 28. Rc1 R6e7 29. Qf2 Re5 30. Rb7 Bh3 31. Rb6 Qa3 32. Rcb1 Rc5 {[#] ( -> ...Rc1+)} 33. Re1 (33. R6b2 {looks sharper.} Rec8 34. Qd4 Rc4 35. Qb6 Rf8 36. Re1) 33... Rce5 34. Rbb1 {Strongly threatening Bf5!} (34. Qd4 {is more complex.} Qe7 35. Rb2 Rd8 36. Qb4 Qf6 37. Rd2) 34... Qc3 35. Re3 Qc7 36. Rbe1 {And now g4 would win.} Qc5 37. R3e2 Qb4 38. g4 (38. Qa7 $16) 38... h6 $1 $11 39. Rb2 Qe7 40. Rbe2 {Threatens to win with Qg3.} Qb4 $1 41. Rb2 Qe7 42. Rbe2 {Accuracy: White = 48%, Black = 56%.} 1/2-1/2

[Event "Astana Open-A 2019"]
[Site "Nur-Sultan"]
[Date "2019.07.13"]
[Round "5.6"]
[White "Akhmetov, Ayan"]
[Black "Bocharov, Dmitry"]
[Result "0-1"]
[WhiteElo "2430"]
[BlackElo "2506"]
[Annotator "TA"]
[PlyCount "52"]
[EventDate "2019.07.11"]
[EventCountry "KAZ"]
[SourceTitle "playchess.com"]
[Source "ChessBase"]
[SourceQuality "1"]

{[%evp 9,58,0,0,-12,0,-11,0,-21,-12,-19,-29,-21,-29,-29,-26,-34,-25,-13,-19,-2,-37,-122,-137,-135,-100,-356,-49,-146,-149,-161,-153,-187,-210,-651,-645,-664,-652,-654,-610,-585,-657,-658,-652,-630,-633,-1087,-797,-2053,-822,-29993,-64]} 1. d4 Nf6 2. Nc3 d5 3. Bf4 a6 4. e3 e6 5. g4 Bb4 6. Nge2 {D00: 1 d4 d5: Unusual lines} O-O $146 ({Predecessor:} 6... c5 7. a3 cxd4 8. axb4 dxc3 9. Nxc3 O-O 10. g5 Nfd7 11. h4 Nb6 {1-0 (37) Alekseenko,K (2575)-Kokarev,D (2617) St Petersburg 2017}) 7. a3 Be7 8. g5 {The position is equal.} Nh5 9. h4 Nxf4 10. Nxf4 c5 $1 11. Qf3 Nc6 12. O-O-O b5 13. dxc5 b4 14. Ncxd5 exd5 15. Nxd5 ({White should try} 15. axb4 $15 Bb7 16. Kb1 (16. Qxd5 Nxb4 17. Qxd8 Rfxd8 $17)) 15... bxa3 $1 $17 16. bxa3 Rb8 $36 {[%mdl 2048] Black is in control.} 17. Qe4 $2 {[%mdl 8192]} (17. Nf6+ $17 {was necessary.} Bxf6 18. Rxd8 Bb2+ {[%mdl 64] Double Attack} 19. Kd2 Rxd8+ 20. Bd3) 17... g6 $2 ({Not} 17... Bxc5 18. Nf6+ $1 {[%mdl 512]} gxf6 19. Rxd8 $15) ({Black should play} 17... Qa5 $1 $19 18. Bd3 g6 19. Nxe7+ Nxe7 20. Qxe7 Qxa3+ 21. Kd2 Bg4) 18. h5 (18. Qa4 $1 $15 Bb7 19. Bxa6) 18... Bxg5 {aiming for ...Qa5.} 19. hxg6 hxg6 20. f4 {[#]} Bf6 $1 {[%cal Rf6b2]} 21. Bc4 $2 (21. Nxf6+ Qxf6 22. Rd6) 21... Bb2+ $19 22. Kd2 {intending c3.} Bf5 23. Qg2 Qa5+ {[%mdl 64] Double Attack} 24. Ke2 {Threatening Qh2.} Qxc5 25. Bd3 Bxd3+ 26. cxd3 {Now Qg5 and White clings on.} Rfd8 {Played: Rf8-e8} 0-1

[Event "Astana Open-A 2019"]
[Site "Nur-Sultan"]
[Date "2019.07.15"]
[Round "6.1"]
[White "Vitaly, Sivuk"]
[Black "Farrukh, Amanatov"]
[Result "1/2-1/2"]
[WhiteElo "2546"]
[BlackElo "2632"]
[Annotator "TA"]
[PlyCount "26"]
[EventDate "2019.07.11"]
[EventCountry "KAZ"]
[SourceTitle "playchess.com"]
[Source "ChessBase"]
[SourceQuality "1"]

{[%evp 14,26,26,33,56,47,53,56,55,56,57,52,107,37,62]} 1. d4 Nf6 2. c4 g6 3. Nc3 Bg7 4. e4 d6 5. h3 O-O 6. Be3 c5 7. Nf3 cxd4 8. Nxd4 b6 $146 {E90: King's Indian: Classical: Early deviations and 6 h3} (8... Nc6 9. Be2 Bd7 10. O-O Nxd4 11. Bxd4 Bc6 12. Qc2 a5 13. Rad1 Nd7 14. Bxg7 Kxg7 15. Bg4 Ne5 16. c5 Nxg4 17. hxg4 Qc8 18. cxd6 Qxg4 19. dxe7 Rfe8 {1-0 (43) Cheparinov,I (2711)-Amin,B (2709) Zagreb 2018}) 9. Qd2 Bb7 10. f3 Nbd7 11. h4 h5 12. Bh6 Bh8 (12... Re8 $14) 13. O-O-O (13. Bxf8 $16 {Bh6 is the strong threat.} Qxf8 14. Rd1) 13... Ne5 1/2-1/2

[Event "Astana Open-A 2019"]
[Site "Nur-Sultan"]
[Date "2019.07.15"]
[Round "6.2"]
[White "Vadim, Malakhatko"]
[Black "Arjun, Erigaisi"]
[Result "1/2-1/2"]
[WhiteElo "2462"]
[BlackElo "2531"]
[Annotator "TA"]
[PlyCount "28"]
[EventDate "2019.07.11"]
[EventCountry "KAZ"]
[SourceTitle "playchess.com"]
[Source "ChessBase"]
[SourceQuality "1"]

{[%evp 13,28,21,35,27,42,10,16,7,6,4,-8,0,24,23,24,17,27]} 1. c4 Nf6 2. Nf3 e6 3. g3 d5 4. Bg2 dxc4 5. Qa4+ Nbd7 6. Qxc4 a6 7. Qb3 c5 8. d3 {A13: English Opening: 1...e6} Bd6 9. O-O Rb8 10. a4 b5 11. axb5 axb5 12. Nc3 {[%cal Bb1c3,Bc3d1,Bd1e3][%mdl 32]} b4 $146 ({Predecessor:} 12... O-O 13. Bg5 h6 14. Ne4 hxg5 15. Nxd6 g4 16. Ng5 c4 17. dxc4 Nc5 18. Qd1 bxc4 19. Ra7 Qb6 20. Rxf7 Ba6 {1-0 (30) Short,N (2698)-Sveshnikov,E (2514) Porto Carras 2011}) 13. Nd1 Bb7 14. Ne3 O-O 1/2-1/2

[Event "Astana Open-A 2019"]
[Site "Nur-Sultan"]
[Date "2019.07.15"]
[Round "6.3"]
[White "Dmitry, Bocharov"]
[Black "Vladimir, Burmakin"]
[Result "1-0"]
[WhiteElo "2506"]
[BlackElo "2506"]
[Annotator "ChessBase"]
[PlyCount "113"]
[EventDate "2019.07.11"]
[EventCountry "KAZ"]
[SourceTitle "playchess.com"]
[Source "ChessBase"]
[SourceQuality "1"]
[TimeControl "90+30"]

1. e4 {[%emt 0:00:00]} c6 {[%emt 0:00:00]} 2. d4 {[%emt 0:00:00]} d5 {[%emt 0:00:00]} 3. e5 {[%emt 0:00:00]} Bf5 {[%emt 0:00:00]} 4. Nf3 {[%emt 0:00:00]} e6 {[%emt 0:00:00]} 5. Be2 {[%emt 0:00:00]} Nd7 {[%emt 0:00:00]} 6. O-O {[%emt 0:00:00]} Bg6 {[%emt 0:00:00]} 7. a4 {[%emt 0:00:00]} Ne7 {[%emt 0:00:00]} 8. a5 {[%emt 0:00:00]} Nf5 {[%emt 0:00:00]} 9. h3 {[%emt 0:00:00]} Bb4 {[%emt 0:00:00]} 10. Bd2 {[%emt 0:00:00]} Bxd2 {[%emt 0:00:00]} 11. Nbxd2 {[%emt 0:00:00]} O-O {[%emt 0:00:00]} 12. b4 {[%emt 0:00:00]} f6 {[%emt 0:00:00]} 13. exf6 {[%emt 0:00:00]} Qxf6 {[%emt 0:00:00]} 14. Nb3 {[%emt 0:00:00]} e5 {[%emt 0:00:00]} 15. dxe5 {[%emt 0:00:00]} Nxe5 {[%emt 0:00:00]} 16. Nxe5 {[%emt 0:00:00]} Qxe5 {[%emt 0:00:00]} 17. Bd3 {[%emt 0:00:00]} Qc3 {[%emt 0:00:00]} 18. Qe1 {[%emt 0:00:00]} Qf6 {[%emt 0:00:00]} 19. Nc5 {[%emt 0:00:00]} Rae8 {[%emt 0:00:00]} 20. Qd2 {[%emt 0:00:00]} Re7 {[%emt 0:00:00]} 21. Rae1 {[%emt 0:00:00]} Rfe8 {[%emt 0:00:00]} 22. Rxe7 {[%emt 0:00:00]} Qxe7 {[%emt 0:00:00]} 23. c4 {[%emt 0:00:00]} b6 {[%emt 0:00:00]} 24. axb6 {[%emt 0:00:00]} axb6 {[%emt 0:00:00]} 25. Na4 {[%emt 0:00:00]} Qa7 {[%emt 0:00:00]} 26. Nc3 {[%emt 0:00:00]} dxc4 {[%emt 0:00:00]} 27. Bxc4+ {[%emt 0:00:00]} Bf7 {[%emt 0:00:00]} 28. Bxf7+ {[%emt 0:00:00]} Qxf7 {[%emt 0:00:00]} 29. Na4 {[%emt 0:00:00]} b5 {[%emt 0:00:00]} 30. Nc5 {[%emt 0:00:00]} h6 {[%emt 0:00:00]} 31. Rd1 {[%emt 0:00:00]} Re5 {[%emt 0:00:00]} 32. Qf4 {[%emt 0:00:00]} Rd5 {[%emt 0:00:00]} 33. Re1 {[%emt 0:00:00]} Nd6 {[%emt 0:01:05]} 34. Qg3 {[%emt 0:00:45]} Kh7 {[%emt 0:03:52]} 35. Ne6 {[%emt 0:06:23]} Qf6 {[%emt 0:00:03]} 36. h4 {[%emt 0:03:27]} Kg8 {[%emt 0:04:04]} 37. h5 {[%emt 0:02:03]} Kh7 {[%emt 0:03:32]} 38. Nf4 {[%emt 0:04:30]} Re5 {[%emt 0:03:24]} 39. Rd1 {[%emt 0:01:23]} Kg8 {[%emt 0:01:52]} 40. Ng6 {[%emt 0:01:23]} Rd5 {[%emt 0:01:59]} 41. Rxd5 {[%emt 0:00:55]} cxd5 {[%emt 0:00:01]} 42. Qa3 {[%emt 0:00:10]} Qd8 {[%emt 0:00:55]} 43. Qa7 {[%emt 0:00:29]} Ne4 {[%emt 0:01:11]} 44. Qb7 {[%emt 0:00:38]} Nf6 {[%emt 0:00:19]} 45. Qxb5 {[%emt 0:00:21]} d4 {[%emt 0:00:26]} 46. Qc4+ {[%emt 0:00:46]} Kh7 {[%emt 0:00:02]} 47. Nf4 {[%emt 0:00:15]} Qd6 {[%emt 0:00:22]} 48. g3 {[%emt 0:00:47]} Qe5 {[%emt 0:00:11]} 49. b5 {[%emt 0:00:46]} Nxh5 {[%emt 0:01:14]} 50. Qd3+ {[%emt 0:00:45]} Kg8 {[%emt 0:00:03]} 51. Qb3+ {[%emt 0:00:22]} Kh7 {[%emt 0:00:15]} 52. Qb1+ {[%emt 0:00:16]} Kg8 {[%emt 0:00:06]} 53. Nxh5 {[%emt 0:00:28]} Qxh5 {[%emt 0:00:01]} 54. b6 {[%emt 0:00:08]} Qe8 {[%emt 0:00:06]} 55. b7 {[%emt 0:00:08]} Qb8 {[%emt 0:00:02]} 56. Qb5 {[%emt 0:00:25]} d3 {[%emt 0:00:05]} 57. Kf1 {[%emt 0:00:16]} 1-0

[Event "Astana Open-A 2019"]
[Site "Nur-Sultan"]
[Date "2019.07.15"]
[Round "6.4"]
[White "Jakhongir, Vakhidov"]
[Black "Konstantin, Kazakov"]
[Result "1/2-1/2"]
[WhiteElo "2541"]
[BlackElo "2380"]
[Annotator "TA"]
[PlyCount "109"]
[EventDate "2019.07.11"]
[EventCountry "KAZ"]
[SourceTitle "playchess.com"]
[Source "ChessBase"]
[SourceQuality "1"]

{[%evp 9,109,29,33,24,34,21,19,-31,-16,-94,0,0,0,0,0,-22,-17,-21,-39,-22,-35,-22,0,0,0,0,20,-3,0,0,0,0,9,0,0,0,35,29,29,38,33,2,5,0,11,0,0,9,25,30,23,25,20,0,0,0,0,4,3,0,0,0,0,0,0,0,18,17,16,0,0,0,0,0,0,0,0,0,0,0,0,0,0,0,0,0,0,0,0,0,0,0,0,0,0,0,0,0,0,0,0,0]} 1. d4 f5 2. c4 Nf6 3. Nc3 g6 4. h4 d6 5. h5 Nxh5 6. e4 {[#] Threatens to win with exf5. A85: Dutch Defence: 2 c4 Nf6 3 Nc3} (6. Rxh5 gxh5 7. e4 fxe4 8. Qxh5+ Kd7 9. Be2 c6 10. Nxe4 Kc7 11. Nf3 Bg7 12. c5 b5 {1-0 (47) Dreev,A (2667)-Bartel,M (2641) Dubai 2014}) 6... Nf6 7. Bd3 Bg7 8. d5 $146 (8. Nf3 {feels hotter.} fxe4 9. Nxe4 O-O 10. Neg5 Bg4 11. Qb3) ({Predecessor:} 8. exf5 Bxf5 9. Bxf5 gxf5 10. Bg5 Nc6 11. d5 Ne5 12. Nge2 Qd7 {½-½ (31) Avotins,M (2466)-Walczak,P (2464) ICCF email 2014}) 8... e5 9. dxe6 {[#]} (9. exf5 $1 $11 {remains equal.} gxf5 10. Nge2) 9... Bxe6 (9... fxe4 $1 $17 10. Nxe4 (10. Bxe4 Nxe4 11. Nxe4 Qe7 $17) 10... Bxe6) 10. exf5 $11 Bxf5 11. Bxf5 gxf5 12. Qf3 Nc6 13. Qxf5 Qd7 14. Qxd7+ Kxd7 15. Bh6 Rag8 {White must now prevent ...Bxh6.} 16. Kf1 Ne5 17. b3 Nfg4 18. Bxg7 Rxg7 19. Nh3 Rf8 20. Re1 a6 21. Re4 Rgf7 {[%cal Rg4f2]} 22. f3 Nf6 23. Rf4 Ng6 24. Rd4 Ne7 25. Kf2 Rg7 26. Re1 Nc6 27. Rf4 Ne5 28. Rd1 Rgf7 29. Kg1 Ng6 30. Rfd4 b6 31. Nd5 {The position is equal.} Nxd5 32. Rxd5 Rf5 33. Kf2 Ne5 34. f4 h5 35. Kg3 Ng4 36. Rxf5 Rxf5 {[%mdl 4096] Endgame KRN-KRN} 37. Ng5 Nf6 38. Kf3 b5 39. cxb5 axb5 40. Ne4 Nxe4 41. Kxe4 {KR-KR} Ke6 42. b4 Rf8 43. Rh1 Rf5 44. Rd1 Rf8 45. Rh1 Rf5 46. g4 hxg4 47. Rh6+ Rf6 48. f5+ $1 Ke7 49. Rh4 g3 50. Rg4 Rh6 51. Kd5 Rh2 {Strongly threatening ...Rd2+.} 52. Rxg3 Rxa2 {...Rc2 is the strong threat.} 53. Rg7+ Kf6 54. Rxc7 Rb2 55. Ke4 {Accuracy: White = 59%, Black = 65%.} 1/2-1/2

[Event "Astana Open-A 2019"]
[Site "Nur-Sultan"]
[Date "2019.07.15"]
[Round "6.5"]
[White "Kirill, Stupak"]
[Black "Maxim, Lugovskoy"]
[Result "1-0"]
[WhiteElo "2560"]
[BlackElo "2425"]
[Annotator "TA"]
[PlyCount "53"]
[EventDate "2019.07.11"]
[EventCountry "KAZ"]
[SourceTitle "playchess.com"]
[Source "ChessBase"]
[SourceQuality "1"]

{[%evp 20,53,19,15,49,39,65,58,52,56,123,123,175,174,198,173,183,158,190,190,187,180,174,167,188,196,231,225,358,347,334,347,369,366,521,340]} 1. d4 e6 2. c4 Nf6 3. g3 d5 4. Nf3 Be7 5. Bg2 O-O 6. O-O dxc4 7. Ne5 Nc6 8. Bxc6 bxc6 9. Nxc6 Qe8 10. Nxe7+ Qxe7 11. Qa4 c5 {E05: Open Catalan: 5 Nf3 Be7} (11... e5 12. dxe5 Qxe5 13. Re1 Be6 14. Nc3 Ne4 15. Qc2 Nxc3 16. Qxc3 Qxc3 17. bxc3 Rab8 18. f3 Rfd8 19. Bf4 Rb2 {½-½ (32) Nakamura,H (2746)-So,W (2762) Saint Louis 2019}) 12. Qa3 Bb7 13. Nc3 Rac8 {White is slightly better.} 14. Bg5 Rfd8 $146 ({Better is} 14... Qd7 $14) ({Predecessor:} 14... Qd7 15. Bxf6 cxd4 16. Bxd4 Qxd4 {½-½ (65) Girya,O (2470)-Ovod,E (2382) Riga 2017}) 15. Rfd1 h6 (15... a6 $16 {was necessary.}) 16. Bxf6 $1 $18 gxf6 {[#]} 17. dxc5 $1 ({Inferior is} 17. Qxa7 Rd6 $15) 17... Bd5 18. e4 Bc6 19. Rd6 Rxd6 20. cxd6 Qb7 21. Rd1 {[%cal Ba1d1,Bd1d2,Bd2e2][%mdl 32]} Bd7 22. Qa5 Rb8 23. Rd2 Qb6 (23... Rc8 $142 24. Qh5 Kg7 25. Qg4+ Kh8) 24. Qh5 Kg7 25. e5 f5 26. Qh4 Qc5 (26... Rg8 $142 27. Qf6+ Kh7 28. Qxf7+ Rg7) 27. Re2 {Accuracy: White = 85%, Black = 19%.} 1-0

[Event "Astana Open-A 2019"]
[Site "Nur-Sultan"]
[Date "2019.07.15"]
[Round "6.6"]
[White "Sergei, Yudin"]
[Black "Anton, Shomoev"]
[Result "1/2-1/2"]
[WhiteElo "2499"]
[BlackElo "2559"]
[Annotator "TA"]
[PlyCount "25"]
[EventDate "2019.07.11"]
[EventCountry "KAZ"]
[SourceTitle "playchess.com"]
[Source "ChessBase"]
[SourceQuality "1"]

{[%evp 21,25,10,6,0,0,0]} 1. e4 c5 2. c3 d5 3. exd5 Qxd5 4. d4 Nf6 5. Nf3 Bg4 6. Be2 e6 7. O-O $146 ({Predecessor:} 7. h3 Bh5 8. O-O Be7 9. Be3 cxd4 10. Nxd4 Bxe2 11. Qxe2 {½-½ (13) Koziak,V (2479)-Banikas,H (2568) Rome 2016}) 7... Nc6 8. h3 Bh5 9. Be3 cxd4 10. Nxd4 Bxe2 11. Qxe2 Be7 12. Nd2 {B22: Sicilian: 2 c3} O-O 13. N2f3 1/2-1/2

[Event "Astana Open-A 2019"]
[Site "Nur-Sultan"]
[Date "2019.07.16"]
[Round "7.1"]
[White "Dmitry, Bocharov"]
[Black "Vitaly, Sivuk"]
[Result "1/2-1/2"]
[WhiteElo "2506"]
[BlackElo "2546"]
[Annotator "ChessBase"]
[PlyCount "139"]
[EventDate "2019.07.11"]
[EventCountry "KAZ"]
[SourceTitle "playchess.com"]
[Source "ChessBase"]
[SourceQuality "1"]
[TimeControl "90+30"]

1. c4 {[%emt 0:00:00]} c6 {[%emt 0:00:00]} 2. Nf3 {[%emt 0:00:00]} d5 {[%emt 0:00:00]} 3. e3 {[%emt 0:00:00]} Nf6 {[%emt 0:00:00]} 4. Nc3 {[%emt 0:00:00]} a6 {[%emt 0:00:00]} 5. Qc2 {[%emt 0:00:00]} g6 {[%emt 0:00:00]} 6. d4 {[%emt 0:00:00]} Bg7 {[%emt 0:00:00]} 7. Bd3 {[%emt 0:00:00]} O-O {[%emt 0:00:00]} 8. O-O {[%emt 0:00:00]} b5 {[%emt 0:00:00]} 9. b3 {[%emt 0:00:00]} Nbd7 {[%emt 0:00:00]} 10. e4 {[%emt 0:00:00]} bxc4 {[%emt 0:00:00]} 11. bxc4 {[%emt 0:00:00]} dxe4 {[%emt 0:00:00]} 12. Nxe4 {[%emt 0:00:00]} c5 {[%emt 0:00:00]} 13. Bb2 {[%emt 0:00:00]} cxd4 {[%emt 0:00:00]} 14. Bxd4 {[%emt 0:00:00]} Bb7 {[%emt 0:00:00]} 15. Rab1 {[%emt 0:00:00]} Qc7 {[%emt 0:00:00]} 16. Nxf6+ {[%emt 0:00:00]} Nxf6 {[%emt 0:00:00]} 17. Be5 {[%emt 0:00:00]} Qc8 {[%emt 0:00:00]} 18. c5 {[%emt 0:02:00]} Bxf3 {[%emt 0:00:00]} 19. gxf3 {[%emt 0:00:23]} Nh5 {[%emt 0:00:00]} 20. Bxg7 {[%emt 0:03:59]} Nxg7 {[%emt 0:00:00]} 21. c6 {[%emt 0:01:30]} Ra7 {[%emt 0:00:00]} 22. Rfc1 {[%emt 0:00:15]} Rc7 {[%emt 0:00:00]} 23. Rb6 {[%emt 0:03:11]} Qh3 {[%emt 0:00:00]} 24. Qe2 {[%emt 0:00:54]} Ne6 {[%emt 0:00:00]} 25. Qe3 {[%emt 0:00:21]} Rd8 {[%emt 0:00:00]} 26. Bf1 {[%emt 0:00:23]} Qh4 {[%emt 0:00:00]} 27. Rb7 {[%emt 0:00:21]} Rd5 {[%emt 0:00:00]} 28. Rxc7 {[%emt 0:01:32]} Nxc7 {[%emt 0:00:00]} 29. f4 {[%emt 0:00:37]} Qf6 {[%emt 0:00:00]} 30. h3 {[%emt 0:00:29]} Qd6 {[%emt 0:00:00]} 31. Bg2 {[%emt 0:00:22]} Rd2 {[%emt 0:00:00]} 32. a4 {[%emt 0:00:37]} Rd4 {[%emt 0:00:00]} 33. Qe5 {[%emt 0:00:29]} Rxa4 {[%emt 0:07:48]} 34. Qxd6 {[%emt 0:00:33]} exd6 {[%emt 0:00:05]} 35. Rb1 {[%emt 0:00:06]} Nb5 {[%emt 0:00:58]} 36. Bf1 {[%emt 0:00:22]} Re4 {[%emt 0:00:28]} 37. Bxb5 {[%emt 0:00:26]} axb5 {[%emt 0:00:04]} 38. Rxb5 {[%emt 0:00:57]} Rc4 {[%emt 0:00:06]} 39. Rb6 {[%emt 0:00:19]} Kf8 {[%emt 0:00:38]} 40. c7 {[%emt 0:00:41]} Ke7 {[%emt 0:01:09]} 41. Rb7 {[%emt 0:00:05]} Ke6 {[%emt 0:00:36]} 42. Kf1 {[%emt 0:00:09]} f6 {[%emt 0:01:37]} 43. Ke2 {[%emt 0:00:18]} h5 {[%emt 0:01:51]} 44. Kd3 {[%emt 0:00:18]} d5 {[%emt 0:01:02]} 45. Ke3 {[%emt 0:01:38]} h4 {[%emt 0:01:23]} 46. Kf3 {[%emt 0:00:41]} Rc3+ {[%emt 0:00:49]} 47. Ke2 {[%emt 0:00:21]} Kf5 {[%emt 0:00:25]} 48. Rb5 {[%emt 0:00:29]} Ke4 {[%emt 0:01:08]} 49. Rb4+ {[%emt 0:00:15]} d4 {[%emt 0:01:19]} 50. f3+ {[%emt 0:00:21]} Kd5 {[%emt 0:00:10]} 51. Rb5+ {[%emt 0:00:47]} Ke6 {[%emt 0:00:18]} 52. Rb4 {[%emt 0:00:27]} Rc2+ {[%emt 0:01:23]} 53. Kd3 {[%emt 0:00:11]} Rxc7 {[%emt 0:00:05]} 54. Rxd4 {[%emt 0:00:29]} Kf5 {[%emt 0:02:02]} 55. Ke3 {[%emt 0:00:27]} Rc2 {[%emt 0:00:27]} 56. Rd5+ {[%emt 0:00:23]} Ke6 {[%emt 0:00:01]} 57. Rd4 {[%emt 0:00:08]} f5 {[%emt 0:00:56]} 58. Rd8 {[%emt 0:00:34]} Rh2 {[%emt 0:00:13]} 59. Rh8 {[%emt 0:00:25]} Rxh3 {[%emt 0:00:05]} 60. Kf2 {[%emt 0:00:11]} Rh2+ {[%emt 0:02:09]} 61. Kg1 {[%emt 0:00:09]} Ra2 {[%emt 0:00:06]} 62. Rxh4 {[%emt 0:00:08]} Kd5 {[%emt 0:00:04]} 63. Rh8 {[%emt 0:01:18]} Kd4 {[%emt 0:00:22]} 64. Re8 {[%emt 0:00:09]} Kd3 {[%emt 0:00:15]} 65. Kf1 {[%emt 0:00:08]} Ra4 {[%emt 0:00:17]} 66. Kf2 {[%emt 0:00:25]} Rxf4 {[%emt 0:00:06]} 67. Rg8 {[%emt 0:00:10]} Ra4 {[%emt 0:00:50]} 68. Rxg6 {[%emt 0:00:10]} f4 {[%emt 0:00:14]} 69. Rd6+ {[%emt 0:00:07]} Rd4 {[%emt 0:00:18]} 70. Re6 {[%emt 0:00:30]} 1/2-1/2

[Event "Astana Open-A 2019"]
[Site "Nur-Sultan"]
[Date "2019.07.16"]
[Round "7.2"]
[White "Farrukh, Amanatov"]
[Black "Kirill, Stupak"]
[Result "1/2-1/2"]
[WhiteElo "2632"]
[BlackElo "2560"]
[Annotator "TA"]
[PlyCount "35"]
[EventDate "2019.07.11"]
[EventCountry "KAZ"]
[SourceTitle "playchess.com"]
[Source "ChessBase"]
[SourceQuality "1"]

{[%evp 16,35,14,0,0,0,16,0,0,0,0,0,28,18,69,53,52,54,50,38,78,78]} 1. e4 e6 2. d4 d5 3. Nc3 Bb4 4. e5 c5 5. a3 Bxc3+ 6. bxc3 Qa5 7. Bd2 Qa4 8. Qb1 c4 9. h4 Nc6 {C18: French: 3 Nc3 Bb4: Main line: 7 h4 and 7 Qg4} (9... f6 10. Nf3 Nc6 11. Bf4 Qa5 12. Qb2 Bd7 13. g3 Nge7 14. h5 O-O-O 15. Bh3 g5 16. exf6 gxf4 17. fxe7 {½-½ (44) Kobalia,M (2599)-Andreikin,D (2712) Moscow 2018}) 10. h5 Bd7 11. Nf3 O-O-O {The position is equal.} 12. g3 h6 13. Bh3 f6 14. O-O $146 ({Predecessor:} 14. Nh4 Nge7 15. f4 Rhg8 16. Qb2 Kb8 17. Be3 {½-½ (34) Cori Quispe,K (2348)-Cori Tello,J (2596) Lima 2016}) 14... fxe5 (14... Kb8 $11) 15. dxe5 Nge7 16. Nd4 Nf5 17. Qb2 Qa5 {[#] Hoping for ...Ncxd4.} 18. Rab1 1/2-1/2

[Event "Astana Open-A 2019"]
[Site "Nur-Sultan"]
[Date "2019.07.16"]
[Round "7.3"]
[White "Arjun, Erigaisi"]
[Black "Dmitry, Khegai"]
[Result "1/2-1/2"]
[WhiteElo "2531"]
[BlackElo "2503"]
[Annotator "TA"]
[PlyCount "67"]
[EventDate "2019.07.11"]
[EventCountry "KAZ"]
[SourceTitle "playchess.com"]
[Source "ChessBase"]
[SourceQuality "1"]

{[%evp 14,67,23,28,21,31,30,29,32,16,47,39,45,36,42,25,41,33,40,39,39,29,29,29,29,29,30,30,30,30,76,84,82,83,84,77,122,124,109,105,110,57,55,56,47,31,34,40,43,0,0,0,0,0,0,0]} 1. Nf3 Nf6 2. c4 e6 3. g3 d5 4. Bg2 Be7 5. O-O O-O 6. d4 c6 7. Qc2 b6 8. Rd1 Ba6 {E06: Closed Catalan: Early deviations} (8... Nbd7 9. b3 Ba6 10. a4 c5 11. a5 Qc8 12. Ba3 Re8 13. Nc3 bxa5 14. Na4 dxc4 15. bxc4 Bb7 16. Qd2 Nb6 17. Bxc5 Ne4 18. Qxa5 Nxa4 19. Rxa4 Nxc5 20. dxc5 Bxc5 {½-½ (27) Jakovenko,D (2710)-Grandelius,N (2653) Germany 2018}) 9. Ne5 Nfd7 10. cxd5 cxd5 {White has an edge.} 11. e4 Nf6 12. Nc3 Bb7 13. Bg5 $146 ({Predecessor:} 13. exd5 Nxd5 14. Qb3 {1-0 (50) Batchuluun,T (2494)-Boldoo,E (2146) Ulaanbaatar 2013}) 13... Nxe4 14. Nxe4 {[#] And now Bxe7 would win.} ({Reject} 14. Bxe4 dxe4 15. Bxe7 Qxe7 $15) 14... f6 15. Bf4 dxe4 16. Bxe4 Bxe4 17. Qxe4 Qd5 18. Qxd5 exd5 19. Ng4 Nc6 20. Rac1 $36 {[%mdl 2048] White has good play.} Rac8 21. Ne3 Rfd8 22. Rc2 {[#] aiming for Rdc1.} Bf8 23. Rdc1 Ne7 24. Rxc8 Nxc8 25. Rc7 g5 26. Ng4 Be7 27. Bd2 (27. Nh6+ $16 Kg7 28. Nf5+ {[%mdl 64] Double Attack} Kg6 29. Nxe7+ Nxe7 30. Bxg5 (30. Rxe7 gxf4 31. Rxa7 Rc8 $16) (30. Rxa7 Nc8 $15)) 27... Kf7 $14 28. Ne3 Ke6 29. g4 h5 30. gxh5 Rh8 31. f4 gxf4 {The position is equal.} 32. Ng2 Bd6 $1 {[%cal Rd6c7]} 33. Rc3 Ne7 34. Bxf4 {Accuracy: White = 81%, Black = 94%.} 1/2-1/2